000
00469nam a2200169Ia 4500
008
090711s9999 xx 000 0 und d
082
_b
72543
100
_a
किणीकर रॉय
245
_a
उत्तररात्र
260
_c
1985
300
_a
96
600
_a
किणीकर रॉय
630
_a
उत्तररात्र
700
_a
किणीकर रॉय
730
_a
उत्तररात्र
942
_c
BOOK
999
_c
292460
_d
292460